000 00390nam a22001457a 4500
020 _a9788184872040
040 _cNUST
082 _a621.38153 DUB
100 _aDube, Dinesh C
_963623
245 _aElectronics Circuits and Analysis
250 _a2th Edition
260 _aNew Delhi:
_bNarosa Publishing,
_c2013.
650 _aElectronics Circuits and Analysis
_9113943
942 _2ddc
_cBK
999 _c595368
_d595368